| 000 | 00000nam 2200000za 4500 |
| 001 | 9.842263 |
| 003 | CaOODSP |
| 005 | 20221107152304 |
| 007 | cr ||||||||||| |
| 008 | 170913s2017 oncad os f000 0 eng d |
| 020 | |a978-0-660-09393-2 |
| 040 | |aCaOODSP|beng |
| 043 | |an-cn--- |
| 086 | 1 |aCS11-627/2017-26E-PDF |
| 245 | 00|aIncome in Canada |h[electronic resource]. |
| 260 | |a[Ottawa] : |bStatistics Canada, |c[2017] |
| 300 | |a[1] p. : |bcol. charts, col. ill. |
| 500 | |aIssued also in French under title: Le revenu au Canada. |
| 500 | |aCaption title. |
| 500 | |a"2016 Census." |
| 520 | |a"Based on the data from the 2016 Census, the following infographic looks at income in Canada, including median household income, people living in low-income households, incomes of couples and use of tax assisted savings accounts"--Provided by publisher. |
| 651 | 0|aCanada|xCensus, 2016. |
| 692 | 07|2gccst|aHousehold income |
| 692 | 07|2gccst|aCensus data |
| 710 | 2 |aStatistics Canada. |
| 775 | 08|tLe revenu au Canada |w(CaOODSP)9.842264 |
| 856 | 40|qPDF|s660 KB|uhttps://publications.gc.ca/collections/collection_2017/statcan/11-627-m/11-627-m2017026-eng.pdf |
| 986 | |a11-627-M, no. 2017026 |